000 00388nam a2200157Ia 4500
003 Ost
005 20260225132548.0
008 260225s9999||||xx |||||||||||||| ||und||
040 _cfsic
041 _afre
082 _a440
100 _aAquitis
_eAuteur
245 0 _aLes contradictions sociales et leur expression synbolique dans le setifois /
245 0 _cAquitis
942 _cكتاب
999 _c33996
_d33996